000 00842cam a22002771i 4500
999 _c4932
_d4932
001 4932
003 BD-JhCC
005 20171205173830.0
008 770105s1969 cau 001 0 eng
035 _a(BD-JhCC) 4932
035 _a(OCoLC)2661331
040 _aDLC
_cPSt
_dDLC
041 _aeng
050 0 0 _aPE1408
_b.G934
082 _a428.2
_bGUP 1969
100 1 _aGuth, Hans Paul,
_d1926-
245 1 0 _aConcise English handbook /
_cHans P. Guth.
260 _aSan Francisco :
_bWadsworth Pub. Co.,
_c1961.
300 _a395 p. ;
_c20 cm.
500 _aA revision of "the handbook sections of [the author's] Words and ideas."
500 _aIncludes index.
650 0 _aEnglish language
_xRhetoric
_vHandbooks, manuals, etc.
650 0 _aEnglish language
_xGrammar
_vHandbooks, manuals, etc.
942 _2ddc
_cBK